Normal view
MARC view
Entry Personal Name
001 - CONTROL NUMBER
- control field: 64801
003 - CONTROL NUMBER IDENTIFIER
- control field: dpl
005 - DATE AND TIME OF LATEST TRANSACTION
- control field: 20240418114200.0
008 - FIXED-LENGTH DATA ELEMENTS
- fixed length control field: 240418|| aca||aabn | a|a d
040 ## - CATALOGING SOURCE
- Original cataloging agency: dpl
- Transcribing agency: dpl
100 ## - HEADING--PERSONAL NAME
- Personal name: पाण्डेय, रमेश
670 ## - SOURCE DATA FOUND
- Source citation: Work cat.: (dpl)202239: पाण्डेय, रमेश, कागज की जमीन पर/, 2004
